000 00698nam a2200205 4500
001 126040
003 ES-MaACL
005 20230906192737.0
007 t|
008 070214s1961 sp r ||||1| cat d
100 1 _aReig, Ramón.
_995997
245 1 3 _aLa Costa Brava, vista pels seus millors pintors /
_cpróleg: Carles Soldevila ; text: Ramón Reig ; reproduccions: Josep Mª Llovet ; compaginació: Enric Tormo.
250 _a1ª ed.
260 _aBarcelona :
_bAedos,
_c1961.
300 _a132 p., 15 lám. :
_bil. ;
_c28 cm.
700 1 _aSoldevila, Carles.
_9107110
700 1 _aLlovet, José María.
_972945
700 1 _aTormo, Enric.
_9110648
852 _aES-MaACL
_jE-129
_bR.48488
999 _c126040
_d126040